000 00488nam a2200181Ia 4500
008 180921t2016 xxu||||| |||| 00| 0 sin d
041 _asin
080 _a294.3
_bWIC
100 _aChandra Wickramagamage
_eed.
245 _aත්‍රිපිටක සමීක්ෂා
246 _aThripitaka Sameeksha
260 _bRathna
_aColombo
_c2016
300 _b340p, 22cm
700 _aH.M.Moratuwagama
_eed.
942 _cBK
999 _c6214
_d6214
003 LK-CoDNM
040 _aLK-CoDNM
_dLK-CoDNM
_eLK-CoDNM